[Event "Staraya Mayna Sidorov Cup"]
[Site "Staraya Mayna"]
[Date "2018.07.15"]
[Round "9"]
[White "Belov, Ilya Yu"]
[Black "Gorelov, Ivan"]
[Result "1-0"]
[WhiteElo "1831"]
[BlackElo "1685"]
[PlyCount "53"]
[EventDate "2018.07.10"]
[EventType "swiss"]
[EventRounds "9"]
[EventCountry "RUS"]
[SourceTitle "EXT 2019"]
[Source "ChessBase"]
[SourceDate "2018.10.10"]
[SourceVersion "1"]
[SourceVersionDate "2018.10.10"]
[SourceQuality "1"]

1. d4 d5 2. Nf3 Nf6 3. c4 e6 4. Nc3 Be7 5. cxd5 Nxd5 6. e4 Nf6 7. Bd3 0-0 8. e5 Nfd7 9. 0-0 c5 10. Bc2 cxd4 11. Qxd4 Nc5 12. Qg4 Re8 13. Rd1 Qc7 14. Nb5 Qb6 15. Nd6 Bxd6 16. Rxd6 Qc7 17. Bxh7+ Kf8 18. Be3 Ncd7 19. Rc1 Nc6 20. Rcd1 Ndxe5 21. Nxe5 Nxe5 22. Qb4 a5 23. Qa3 Nc4 24. Rd7+ Nxa3 25. Rxc7 Nb5 26. Bc5+ Re7 27. Rd8# 1-0